<?xml version="1.0" encoding="UTF-8"?>
<marc:record xmlns:marc="http://www.loc.gov/MARC21/slim">
   <marc:leader>00000nam a2200000 a 4500</marc:leader>
   <marc:datafield ind1="1" ind2=" " tag="100">
      <marc:subfield code="a">Saunders, Catherine</marc:subfield>
      <marc:subfield code="4">aut</marc:subfield>
      <marc:subfield code="e">Verfasser/-in</marc:subfield>
   </marc:datafield>
   <marc:datafield ind1=" " ind2=" " tag="653">
      <marc:subfield code="a">Ninja</marc:subfield>
   </marc:datafield>
   <marc:datafield ind1="0" ind2="0" tag="245">
      <marc:subfield code="a">LEGO ninjago, masters of spinjitzu</marc:subfield>
   </marc:datafield>
   <marc:datafield ind1="0" ind2="0" tag="245">
      <marc:subfield code="b">; Ninja gegen Piraten; 3. Lesestufe</marc:subfield>
   </marc:datafield>
   <marc:datafield ind1=" " ind2="1" tag="264">
      <marc:subfield code="b">DK</marc:subfield>
      <marc:subfield code="c">2017</marc:subfield>
   </marc:datafield>
   <marc:datafield ind1="1" ind2=" " tag="520">
      <marc:subfield code="a">Ninja Nya braucht Hilfe, denn fiese Luftpiraten rund um den mächtigen Flaschengeist Nadakhan haben sie entführt! Gut, dass ihre tapferen Ninja Freunde schon zur Stelle sind und sich den Bösewichten mutig in den Weg stellen. Lest nach, ob es ihnen gelingen wird, Nya aus den Fängen der Luftpiraten zu befreien! Dazu gibt es brandaktuelle Inhalte aus der TV-Serie, spannende Infos zu Drachen und Trainings-Tipps. Findet außerdem in einem Test heraus, welcher Ninja ihr seid!  Die Superleser!-Bücher kombinieren das Beste aus Sach- und erzählendem Buch: Aufregende Geschichten werden durch interessante Hintergrundinformationen ergänzt - so kommt der Spaß, aber auch der Lerneffekt nicht zu kurz! Die Bücher gibt es in drei Lesestufen: für Leseanfänger in gelb, für Erstleser in grün und für Leseprofis in blau. Am Ende jedes Bandes gibt es ein Quiz mit Fragen zum Text sowie Hinweise und Tipps für Eltern, wie sie ihr Kind beim Lesen lernen bestmöglich unterstützen können.  Die Sach-Geschichten der dritten Lesestufe sind für Kids ab der zweiten und dritten Schulklasse perfekt geeignet. Auf jeweils 96 Seiten erwarten euch spannende Geschichten in Fibelschrift und mit vielen Bildern - dazu gibt es ein tolles Lesebändchen zum schnellen Wiederfinden. Tolles Lesefutter für Leseprofis!</marc:subfield>
   </marc:datafield>
   <marc:datafield ind1=" " ind2=" " tag="020">
      <marc:subfield code="a">9783831032471</marc:subfield>
      <marc:subfield code="9">9783831032471</marc:subfield>
   </marc:datafield>
</marc:record>
